Riddle Quiz - Statistics

General Stats
  • This quiz has been taken 946 times
  • The average score is 7 of 13
Answer Stats
Hint Answer % Correct
How many letters are in The Alphabet 11
90%
What can you catch but not throw? cold
72%
What gets wetter and wetter the more it dries? towel
69%
If a red house is made of red bricks and a blue house is made of blue bricks, what is a green house made of? glass
67%
If a plane crashes on the border of Canada and the US, where do you bury the survivors? You don't bury survivors
58%
What travels the world but stays in the corner? stamp
51%
I am weightless, but you can see me. Put me in a bucket, and I'll make it lighter. What am I? hole
47%
The man who invented it doesn't want it. The man who bought it doesn't need it. The man who needs it doesn't know it. What is it? coffin
46%
If you have me, you will want to share me, but if you share me I'll be gone. What am I? secret
43%
i have four legs in the morning. two in the afternoon, three at night. what am i? human
36%
What has one head, one foot, and four legs? bed
31%
What happens when you throw a green rock into the red sea? it gets wet
23%
It happens twice in a moment, once in a day, and four times in a lifetime. vowels
23%
No matching quizzes found
Score Distribution
Percent of People with Each Score
Percentile by Number Answered
Your Score History
You have not taken this quiz